5HLuxD.jpg

KING HENRY VIII SENIOR AND PRIMARY SCHOOL LIBRARY OPAC

Rooftoppers / (Record no. 746)

000 -LEADER
fixed length control field 01793cam a2200301 a 4500
001 - CONTROL NUMBER
control field (Sirsi) a779913
003 - CONTROL NUMBER IDENTIFIER
control field OSt
005 - DATE AND TIME OF LATEST TRANSACTION
control field 20191206092614.0
008 - FIXED-LENGTH DATA ELEMENTS--GENERAL INFORMATION
fixed length control field 130627s2013 enk d 000 f eng d
020 ## - INTERNATIONAL STANDARD BOOK NUMBER
International Standard Book Number 9780571280599 (pbk.) :
020 ## - INTERNATIONAL STANDARD BOOK NUMBER
International Standard Book Number 0571280595 (pbk.) :
040 ## - CATALOGING SOURCE
Original cataloging agency UKMGB
Language of cataloging eng
Transcribing agency UKMGB
Modifying agency AUMCS
-- SINLB
-- UZ0
-- TAE
042 ## - AUTHENTICATION CODE
Authentication code nbic
043 ## - GEOGRAPHIC AREA CODE
Geographic area code e-fr---
082 ## - DEWEY DECIMAL CLASSIFICATION NUMBER
Classification number FIC RUN
100 1# - MAIN ENTRY--PERSONAL NAME
Personal name Rundell, Katherine.
Relator term author
245 10 - TITLE STATEMENT
Title Rooftoppers /
Statement of responsibility, etc. Katherine Rundell.
246 3# - VARYING FORM OF TITLE
Title proper/short title Roof toppers.
260 ## - PUBLICATION, DISTRIBUTION, ETC.
Place of publication, distribution, etc. London :
Name of publisher, distributor, etc. Faber and Faber,
Date of publication, distribution, etc. 2013.
300 ## - PHYSICAL DESCRIPTION
Extent 278 p. ;
Dimensions 20 cm.
520 ## - SUMMARY, ETC.
Summary, etc. My mother is still alive, and she is going to come for me one day. Everyone thinks that Sophie is an orphan. True, there were no other recorded female survivors from the shipwreck which left baby Sophie floating in the English Channel in a cello case, but Sophie remembers seeing her mother wave for help. Her guardian tells her it is almost impossible that her mother is still alive, but that means still possible. You should never ignore a possible. So when the Welfare Agency writes to her guardianthreatening to send Sophie to an orphanage, she takes matters into her own hands and flees to Paris to look for her mother, starting with the only clue she has - the address of the cello maker. Evading the French authorities, she meets Matteo and his network of rooftoppers - urchins who live in the sky. Together they scour the city for Sophie's mother before she is caught and sent back to London, and most importantly before she loses hope.
521 1# - TARGET AUDIENCE NOTE
Target audience note 13-
650 #0 - SUBJECT ADDED ENTRY--TOPICAL TERM
Topical term or geographic name entry element Guardian and ward
Form subdivision Juvenile fiction.
650 #0 - SUBJECT ADDED ENTRY--TOPICAL TERM
Topical term or geographic name entry element Missing persons
Form subdivision Juvenile fiction.
650 #0 - SUBJECT ADDED ENTRY--TOPICAL TERM
Topical term or geographic name entry element Roofs
Form subdivision Juvenile fiction.
651 #0 - SUBJECT ADDED ENTRY--GEOGRAPHIC NAME
Geographic name Paris (France)
Form subdivision Juvenile fiction.
942 ## - ADDED ENTRY ELEMENTS (KOHA)
Source of classification or shelving scheme
Koha item type Books - Fiction
Holdings
Withdrawn status Lost status Source of classification or shelving scheme Damaged status Not for loan Collection code Permanent Location Current Location Shelving location Date acquired Total Checkouts Full call number Barcode Date last seen Date last checked out Price effective from Koha item type
          Fiction KH8 Senior School Library KH8 Senior School Library Fiction 2019-12-06 3 FIC RUN 3KHSL000101482 2025-03-20 2025-03-13 2019-12-06 Books - Fiction

Powered By KH8 IT Dept